000 00339nam a2200145Ia 4500
008 230718s9999 xx 000 0 und d
041 _aEng.
082 _a346.07
_bMAS-W
100 _aMassising Neil
245 0 _aWest's legal environment
260 _aPakistan
_bSweel and Maxwell
_c1996
300 _a89
650 _aLaw
999 _c26387
_d26387